00503nam a22001457a 4500003000500000082000800005100002200013245011700035264003500152300003200187500001400219650003100233700003500264856005800299NUST a621 aWajahat, Muhammad aFeasibility For Establishment of Turbines Manufacturing Facility At Heavy Mechanical Complex /cMuhammad Wajahat aIslamabad:bSMME- NUST. c2017 a107p.;b Soft Copy,c 30cm. aHardcover aMS Mechanical Engineering  aSupervisor : Dr. Khalid Akhter u http://10.250.8.41:8080/xmlui/handle/123456789/42109